[Event "17MCR_PFB"]
[Site "?"]
[Date "2003.??.??"]
[Round "?"]
[White "Valenta, Josef"]
[Black "Chvojka, Jaroslav"]
[Result "0-1"]
[WhiteElo "2185"]
[BlackElo "2175"]
[PlyCount "132"]
[EventDate "2003.??.??"]
[EventType "corr"]
[EventRounds "1"]
[SourceDate "2005.10.25"]

1. d4 Nf6 2. c4 e6 3. Nf3 d5 4. cxd5 exd5 5. Bg5 Be7 6. e3 c6 7. Bd3 Qb6 8.
Bxf6 Bxf6 9. Qc2 g6 10. O-O Bg4 11. Nbd2 Nd7 12. Rfc1 O-O 13. h3 Be6 14. Rab1
a5 15. Nb3 a4 16. Nc5 Nxc5 17. Qxc5 Qxc5 18. Rxc5 Be7 19. Rc2 Kg7 20. b4 axb3
21. Rxb3 Bc8 22. Kf1 Re8 23. Ke1 f6 24. Ke2 Ra7 25. h4 Bd7 26. Kd2 Rea8 27.
Rbb2 Bg4 28. Ng1 Ba3 29. Rb3 Bd6 30. Ne2 Bc7 31. Rbb2 Ba5+ 32. Kd1 Re8 33. Rb3
Bc7 34. Ke1 Bd7 35. Nc3 b5 36. Kd2 Rea8 37. g3 Ba5 38. a3 Bc7 39. Nb1 Bd6 40.
Rcc3 h6 41. Bc2 h5 42. Kd1 g5 43. Bd3 gxh4 44. gxh4 f5 45. Kd2 Be7 46. Rc1 Bxh4
47. Rh1 Bxf2 48. Rxh5 f4 49. exf4 Bxd4 50. Bc2 Kf7 51. Rh7+ Ke6 52. Rh6+ Ke7
53. Rg3 Rh8 54. Rxh8 Bxh8 55. Nc3 Bf6 56. Kc1 Kf7 57. Nb1 c5 58. Bg6+ Kf8 59.
Rg2 c4 60. Rh2 Bc6 61. Rh6 Rg7 62. Nd2 d4 63. a4 c3 64. Ne4 b4 65. Nc5 Bd5 66.
Rh8+ Ke7 0-1

[Event "17MCR_PFB"]
[Site "?"]
[Date "2003.??.??"]
[Round "?"]
[White "Trcka, Vaclav"]
[Black "Valenta, Josef"]
[Result "1/2-1/2"]
[WhiteElo "2125"]
[BlackElo "2185"]
[PlyCount "79"]
[EventDate "2003.??.??"]
[EventType "corr"]
[EventRounds "1"]
[SourceDate "2005.10.25"]

1. d4 Nf6 2. c4 e6 3. Nc3 Bb4 4. e3 O-O 5. Bd3 d5 6. Nf3 b6 7. O-O Bb7 8. cxd5
exd5 9. Ne5 Nbd7 10. Qc2 Qe7 11. Nxd7 Qxd7 12. Bd2 Bd6 13. Nb5 Ba6 14. a4 c5
15. dxc5 bxc5 16. Bc3 Bxb5 17. axb5 d4 18. Bd2 Rfe8 19. Rfe1 dxe3 20. Bxe3 Rad8
21. h3 Be5 22. Red1 Bd4 23. Bg5 h6 24. Bxf6 gxf6 25. Ra3 Kg7 26. Rda1 Re5 27.
Bc4 Rf5 28. Rf1 Re5 29. Kh2 Qe7 30. f4 Re3 31. Qf5 Qd7 32. Qh5 Rxa3 33. bxa3
Re8 34. Rf3 Re3 35. a4 f5 36. a5 Rc3 37. Rxc3 Bxc3 38. Bxf7 Bd2 39. Qg6+ Kf8
40. Qg8+ 1/2-1/2

[Event "17MCR_PFB"]
[Site "?"]
[Date "2003.??.??"]
[Round "?"]
[White "Vaindl, Jaroslav"]
[Black "Dundalek, Josef"]
[Result "1-0"]
[WhiteElo "2325"]
[BlackElo "2200"]
[PlyCount "107"]
[EventDate "2003.??.??"]
[EventType "corr"]
[EventRounds "1"]
[SourceDate "2005.10.25"]

1. d4 d5 2. Nf3 Nf6 3. c4 e6 4. Nc3 c6 5. Bg5 dxc4 6. e4 b5 7. e5 h6 8. Bh4 g5
9. Nxg5 hxg5 10. Bxg5 Nbd7 11. exf6 Bb7 12. g3 c5 13. d5 Qb6 14. Bg2 O-O-O 15.
O-O b4 16. Rb1 Qa6 17. dxe6 Bxg2 18. e7 Bxf1 19. Kxf1 Qc6 20. exd8=Q+ Kxd8 21.
Nd5 Rxh2 22. Kg1 Rh8 23. Bf4 Kc8 24. Qf3 Kb7 25. Rd1 Bh6 26. Qh5 Bg7 27. Qxf7
Bxf6 28. Re1 Rf8 29. Qh5 Rh8 30. Qf5 Rf8 31. Nxf6 Rxf6 32. Qg4 Rg6 33. Qh3 Qd5
34. Re7 Kc6 35. Qh8 Rg8 36. Qh6+ Kb7 37. Qh3 Kc8 38. Re5 Qd1+ 39. Kg2 Kb7 40.
Qh7 Qd3 41. Qxd3 cxd3 42. Rd5 Nb6 43. Rxd3 c4 44. Rd4 Rc8 45. g4 c3 46. bxc3
bxc3 47. Kf3 Re8 48. Rd3 Na4 49. Rd7+ Kb6 50. Be3+ Kc6 51. Rd1 Rf8+ 52. Ke2 Rb8
53. g5 a5 54. Rg1 1-0

[Event "17MCR_PFB"]
[Site "?"]
[Date "2003.??.??"]
[Round "?"]
[White "Lounek, Jan"]
[Black "Pecina, Pavel"]
[Result "1-0"]
[WhiteElo "2320"]
[BlackElo "2210"]
[PlyCount "203"]
[EventDate "2003.??.??"]
[EventType "corr"]
[EventRounds "1"]
[SourceDate "2005.10.25"]

1. e4 e5 2. Nf3 Nf6 3. Nxe5 d6 4. Nf3 Nxe4 5. d4 d5 6. Bd3 Bd6 7. O-O O-O 8. c4
c6 9. Re1 Bf5 10. Qc2 Nd7 11. Nc3 Ndf6 12. Ne5 Bc7 13. Be3 Be6 14. cxd5 cxd5
15. Nxe4 dxe4 16. Bxe4 Nxe4 17. Qxe4 Bd5 18. Qf5 Re8 19. b3 Qd6 20. Bf4 Be6 21.
Qe4 Bd5 22. Qd3 Re7 23. Re3 Rae8 24. Rae1 Qb4 25. Qd1 Bb6 26. Nd3 Rxe3 27. Rxe3
Qb5 28. Rxe8+ Qxe8 29. Be3 Bc7 30. Qc1 Qd7 31. f3 f6 32. Bf2 Bf7 33. Nc5 Qd6
34. Nxb7 Qxh2+ 35. Kf1 h6 36. Bg1 Qg3 37. Qc6 Kh8 38. Nc5 Qf4 39. Ke2 Ba5 40.
Ne4 Qh4 41. Bf2 Qh5 42. Qc5 Qd5 43. Qxa7 Qb5+ 44. Ke3 Bg8 45. Qc5 Qa6 46. g4
Bb6 47. Qd6 Qa5 48. Bh4 Bd8 49. Qd7 Bc7 50. Qc6 Bd8 51. Qc2 Qa7 52. Bg3 Bb6 53.
Qd2 Ba5 54. Qb2 Qa6 55. b4 Bb6 56. a3 Qa4 57. Qc3 Qd1 58. Nf2 Qg1 59. Bd6 f5
60. gxf5 Qg5+ 61. Bf4 Qxf5 62. a4 Bd5 63. a5 Bd8 64. Qc5 Kh7 65. Ng4 Bg5 66.
Bxg5 Qxf3+ 67. Kd2 Be4 68. Ne3 Qf2+ 69. Kc3 Qe1+ 70. Kb3 hxg5 71. d5 Qb1+ 72.
Ka4 Bd3 73. Ka3 g4 74. d6 Qa1+ 75. Kb3 Qb1+ 76. Kc3 Bg6 77. Qd4 Qc1+ 78. Kb3
Bf7+ 79. Ka4 Be8+ 80. d7 Bxd7+ 81. Qxd7 Qxe3 82. Qxg4 Qd3 83. Qh5+ Kg8 84. Qe8+
Kh7 85. Qc6 Qd1+ 86. Kb5 Qd3+ 87. Kb6 Qd4+ 88. Qc5 Qd8+ 89. Kb7 Qd7+ 90. Ka6
Qe6+ 91. Qb6 Qc8+ 92. Ka7 Qd7+ 93. Qb7 Qd4+ 94. Ka6 Qd6+ 95. Qb6 Qd3+ 96. b5 g5
97. Qf6 Qe4 98. Qf7+ Kh6 99. b6 Qd3+ 100. Ka7 Qe3 101. Ka8 Qc5 102. Qf6+ 1-0

[Event "17MCR_PFB"]
[Site "?"]
[Date "2003.??.??"]
[Round "?"]
[White "Svajdler, Frantisek"]
[Black "Jirk, Ales"]
[Result "0-1"]
[WhiteElo "2280"]
[BlackElo "2210"]
[PlyCount "38"]
[EventDate "2003.??.??"]
[EventType "corr"]
[EventRounds "1"]
[SourceDate "2005.10.25"]

1. e4 e6 2. d4 d5 3. Nd2 Nf6 4. e5 Nfd7 5. f4 c5 6. c3 Nc6 7. Ndf3 Qb6 8. g3
cxd4 9. cxd4 Be7 10. Bh3 O-O 11. Ne2 a5 12. O-O a4 13. Nc3 Qa5 14. Bd2 Nb6 15.
b3 Qa6 16. Re1 Bd7 17. Bf1 Qa7 18. Nb5 Qb8 19. Bd3 axb3 0-1

[Event "17MCR_PFB"]
[Site "?"]
[Date "2003.??.??"]
[Round "?"]
[White "Nejtek, Jiri"]
[Black "Novotny, Petr"]
[Result "1-0"]
[WhiteElo "2265"]
[BlackElo "2220"]
[PlyCount "79"]
[EventDate "2003.??.??"]
[EventType "corr"]
[EventRounds "1"]
[SourceDate "2005.10.25"]

1. e4 e5 2. Nf3 Nc6 3. Bb5 a6 4. Ba4 Nf6 5. O-O Be7 6. Re1 b5 7. Bb3 d6 8. c3
O-O 9. h3 Na5 10. Bc2 c5 11. d3 h6 12. Nbd2 Qc7 13. d4 Bd7 14. Nf1 Rfe8 15. Ne3
Rac8 16. dxe5 dxe5 17. Nd5 Nxd5 18. exd5 Bf8 19. a4 b4 20. c4 Qd6 21. b3 f5 22.
Nh2 Be7 23. Bb2 e4 24. f3 Bh4 25. Re2 Re7 26. fxe4 fxe4 27. Kh1 Rce8 28. Qg1 e3
29. Nf1 Bf6 30. Bxf6 Qxf6 31. Rae1 Qc3 32. Bg6 Nxb3 33. d6 Re5 34. Bxe8 Rxe8
35. Rxe3 Qxe1 36. Rxe1 Rxe1 37. Qf2 Rc1 38. Kh2 Nd4 39. Ne3 b3 40. Nd5 1-0

[Event "17MCR_PFB"]
[Site "?"]
[Date "2003.??.??"]
[Round "?"]
[White "Bares, Jiri"]
[Black "Kubelka, Martin"]
[Result "1/2-1/2"]
[WhiteElo "2255"]
[BlackElo "2225"]
[PlyCount "63"]
[EventDate "2003.??.??"]
[EventType "corr"]
[EventRounds "1"]
[SourceDate "2005.10.25"]

1. d4 Nf6 2. c4 e6 3. Nc3 Bb4 4. Qc2 O-O 5. a3 Bxc3+ 6. Qxc3 b6 7. Bg5 Bb7 8.
f3 h6 9. Bh4 d5 10. cxd5 exd5 11. Rc1 c6 12. e3 Re8 13. Bf2 Nbd7 14. Bd3 c5 15.
Ne2 cxd4 16. Nxd4 Rc8 17. Qd2 Ne5 18. O-O Nxd3 19. Qxd3 Nd7 20. Bg3 Nc5 21. Qd2
Ba6 22. Rfd1 Nd3 23. Rc3 Rxc3 24. Qxc3 Rxe3 25. Nf5 d4 26. Nxd4 Qg5 27. Qd2 Re8
28. Qxg5 hxg5 29. b4 Bc4 30. h3 g6 31. Nc6 a6 32. Bc7 1/2-1/2

[Event "17MCR_PFB"]
[Site "?"]
[Date "2003.??.??"]
[Round "?"]
[White "Jerabek, Zdenek"]
[Black "Doudera, Lubomir"]
[Result "1/2-1/2"]
[WhiteElo "2255"]
[BlackElo "2235"]
[PlyCount "53"]
[EventDate "2003.??.??"]
[EventType "corr"]
[EventRounds "1"]
[SourceDate "2005.10.25"]

1. e4 c5 2. Nf3 Nc6 3. d4 cxd4 4. Nxd4 Nf6 5. Nc3 e5 6. Ndb5 d6 7. Bg5 a6 8.
Na3 b5 9. Bxf6 gxf6 10. Nd5 f5 11. c3 Bg7 12. exf5 Bxf5 13. Nc2 Be6 14. Nce3
Ne7 15. g3 Nxd5 16. Nxd5 O-O 17. Bg2 a5 18. O-O Rb8 19. Qd2 Qd7 20. Rad1 f5 21.
Ne3 Bxa2 22. Qxd6 Qxd6 23. Rxd6 f4 24. Bd5+ Bxd5 25. Nxd5 Rfd8 26. Rxd8+ Rxd8
27. Rd1 1/2-1/2

[Event "17MCR_PFB"]
[Site "?"]
[Date "2003.??.??"]
[Round "?"]
[White "Hladecek, Miloslav"]
[Black "Soudny, Jiri"]
[Result "0-1"]
[WhiteElo "2240"]
[BlackElo "2240"]
[PlyCount "96"]
[EventDate "2003.??.??"]
[EventType "corr"]
[EventRounds "1"]
[SourceDate "2005.10.25"]

1. e4 e6 2. d4 d5 3. Nd2 Nf6 4. e5 Nfd7 5. c3 c5 6. Bd3 Nc6 7. Ne2 cxd4 8. cxd4
f6 9. Nf4 Nxd4 10. Qh5+ Ke7 11. Ng6+ hxg6 12. exf6+ Nxf6 13. Qxh8 Kf7 14. O-O
e5 15. Nb3 Nxb3 16. axb3 Bf5 17. Bxf5 gxf5 18. Bg5 Bc5 19. Qh3 Qd7 20. b4 Bb6
21. Bxf6 Kxf6 22. Ra3 Qe8 23. Rd1 d4 24. Rf3 Qg6 25. Re1 Re8 26. Qh4+ Ke6 27.
Qf4 Qf6 28. Qc1 Kd7 29. Qc4 Kd6 30. Qb5 Rf8 31. Kf1 g6 32. Qd3 Qg7 33. b5 e4
34. Qa3+ Bc5 35. b4 Bb6 36. Rh3 d3 37. Qc1 Qd4 38. Qf4+ Kd5 39. Rg3 Qc4 40. Qc1
Rc8 41. Qxc4+ Rxc4 42. Rxg6 Rc2 43. Rxb6 axb6 44. Rd1 Kd4 45. g3 e3 46. fxe3+
Kxe3 47. h4 d2 48. Kg2 Rc1 0-1

[Event "17MCR_PFB"]
[Site "?"]
[Date "2003.??.??"]
[Round "?"]
[White "Doudera, Lubomir"]
[Black "Hladecek, Miloslav"]
[Result "1/2-1/2"]
[WhiteElo "2235"]
[BlackElo "2240"]
[PlyCount "116"]
[EventDate "2003.??.??"]
[EventType "corr"]
[EventRounds "1"]
[SourceDate "2005.10.25"]

1. e4 c5 2. c3 d5 3. exd5 Qxd5 4. d4 Nf6 5. Nf3 Nc6 6. Be2 cxd4 7. cxd4 Bg4 8.
Nc3 Qa5 9. O-O e6 10. h3 Bh5 11. a3 Bd6 12. Be3 O-O 13. Qb3 Ne7 14. Nb5 Qd8 15.
Nxd6 Qxd6 16. Rac1 Nfd5 17. Bd2 Rfb8 18. Rfe1 Nc6 19. g4 Bg6 20. g5 a6 21. Bf1
b5 22. Bg2 Rd8 23. a4 Rab8 24. axb5 axb5 25. h4 Bh5 26. Qd3 Nde7 27. Qe4 Bxf3
28. Bxf3 Nxd4 29. Bf4 e5 30. Bh2 f5 31. gxf6 Nxf3+ 32. Qxf3 gxf6 33. Bg3 Qe6
34. Rc7 Rd4 35. Kh2 Rc4 36. Ra7 Nc6 37. Ra6 Rf8 38. Rg1 Kh8 39. Qg2 Qe8 40. b3
Rc2 41. Kh1 Rg8 42. Qf3 Rf8 43. Qg2 Rg8 44. Qf3 Qe6 45. Kh2 e4 46. Qd1 Rc3 47.
Qd2 b4 48. Qf4 Rxb3 49. Re1 Re8 50. Rc1 Rc3 51. Rxc3 bxc3 52. Qe3 Qd7 53. Qxc3
Ne5 54. Bxe5 fxe5 55. Rf6 Qg7 56. Rf5 Qg4 57. Qh3 Qxh3+ 58. Kxh3 Kg7 1/2-1/2

[Event "17MCR_PFB"]
[Site "?"]
[Date "2003.??.??"]
[Round "?"]
[White "Kubelka, Martin"]
[Black "Jerabek, Zdenek"]
[Result "0-1"]
[WhiteElo "2225"]
[BlackElo "2255"]
[PlyCount "76"]
[EventDate "2003.??.??"]
[EventType "corr"]
[EventRounds "1"]
[SourceDate "2005.10.25"]

1. d4 Nf6 2. c4 g6 3. Nc3 Bg7 4. e4 d6 5. Be2 O-O 6. Nf3 e5 7. O-O Nc6 8. d5
Ne7 9. Nd2 Kh8 10. Rb1 Nd7 11. b4 a5 12. a3 f5 13. Qc2 axb4 14. axb4 Nf6 15. f3
c6 16. dxc6 bxc6 17. b5 Be6 18. Kh1 Nd7 19. Nb3 fxe4 20. Nxe4 cxb5 21. Nxd6
bxc4 22. Bxc4 Nd5 23. Bxd5 Bxd5 24. Be3 Nf6 25. Bc5 Qc7 26. Rfc1 Rfb8 27. Qd3
Rd8 28. Nb5 Qd7 29. Be3 e4 30. Qe2 exf3 31. gxf3 Re8 32. Nc7 Ra2 33. Nd2 Rxd2
34. Qxd2 Bxf3+ 35. Kg1 Qg4+ 36. Kf1 Ne4 37. Qa2 Ng3+ 38. hxg3 Qh3+ 0-1

[Event "17MCR_PFB"]
[Site "?"]
[Date "2003.??.??"]
[Round "?"]
[White "Novotny, Petr"]
[Black "Bares, Jiri"]
[Result "1/2-1/2"]
[WhiteElo "2220"]
[BlackElo "2255"]
[PlyCount "47"]
[EventDate "2003.??.??"]
[EventType "corr"]
[EventRounds "1"]
[SourceDate "2005.10.25"]

1. e4 e5 2. Nf3 Nc6 3. Bb5 a6 4. Ba4 b5 5. Bb3 Nf6 6. O-O Nxe4 7. d4 d5 8. dxe5
Be6 9. Be3 Be7 10. c3 O-O 11. Nbd2 Bg4 12. Nxe4 dxe4 13. Qd5 Qxd5 14. Bxd5 exf3
15. Bxc6 fxg2 16. Kxg2 Rad8 17. f3 Be6 18. a4 bxa4 19. Rxa4 f6 20. Rxa6 Bc4 21.
Ra7 Bxf1+ 22. Kxf1 Rd3 23. Bd4 fxe5 24. Ke2 1/2-1/2

[Event "17MCR_PFB"]
[Site "?"]
[Date "2003.??.??"]
[Round "?"]
[White "Jirk, Ales"]
[Black "Nejtek, Jiri"]
[Result "0-1"]
[WhiteElo "2210"]
[BlackElo "2265"]
[PlyCount "82"]
[EventDate "2003.??.??"]
[EventType "corr"]
[EventRounds "1"]
[SourceDate "2005.10.25"]

1. d4 d5 2. c4 c6 3. Nc3 e6 4. e3 Nf6 5. Nf3 Nbd7 6. Qc2 Bd6 7. Bd3 O-O 8. O-O
h6 9. Rd1 e5 10. cxd5 cxd5 11. Nb5 Bb8 12. dxe5 Nxe5 13. Be2 Re8 14. Nbd4 Qd6
15. h3 Nxf3+ 16. Nxf3 Ne4 17. Kf1 Bd7 18. Qb3 Bc6 19. Bd2 a6 20. Bc3 Qd7 21. a4
Bc7 22. a5 f5 23. Bd4 f4 24. Bd3 Re6 25. Qc2 Rae8 26. exf4 Bxf4 27. b4 Bb8 28.
Qb3 Rf8 29. Bxe4 Rxe4 30. Bc5 Rf7 31. Kg1 Qc7 32. Bb6 Qd6 33. Bc5 Qg6 34. Nd4
Bd7 35. Rac1 Re5 36. Qc2 Qh5 37. Rd3 Re4 38. Qc3 Rf6 39. Bb6 Be5 40. Qb3 Kh7
41. Qd1 Qg5 0-1

[Event "17MCR_PFB"]
[Site "?"]
[Date "2003.??.??"]
[Round "?"]
[White "Pecina, Pavel"]
[Black "Svajdler, Frantisek"]
[Result "1/2-1/2"]
[WhiteElo "2210"]
[BlackElo "2280"]
[PlyCount "44"]
[EventDate "2003.??.??"]
[EventType "corr"]
[EventRounds "1"]
[SourceDate "2005.10.25"]

1. e4 e5 2. Nf3 Nc6 3. d4 exd4 4. Nxd4 Bc5 5. Nf5 Qf6 6. Nc3 Nge7 7. Ne3 O-O 8.
g3 d6 9. Bg2 Bd7 10. O-O Rae8 11. Ncd5 Nxd5 12. Nxd5 Qd8 13. c3 a6 14. Be3 Bxe3
15. Nxe3 Qc8 16. f4 Bh3 17. Bxh3 Qxh3 18. Qd3 Qc8 19. Rad1 b5 20. Nd5 Ne7 21.
Rfe1 Nxd5 22. exd5 Qd7 1/2-1/2

[Event "17MCR_PFB"]
[Site "?"]
[Date "2003.??.??"]
[Round "?"]
[White "Dundalek, Josef"]
[Black "Lounek, Jan"]
[Result "1/2-1/2"]
[WhiteElo "2200"]
[BlackElo "2320"]
[PlyCount "101"]
[EventDate "2003.??.??"]
[EventType "corr"]
[EventRounds "1"]
[SourceDate "2005.10.25"]

1. d4 Nf6 2. c4 e6 3. Nf3 b6 4. g3 Ba6 5. b3 Bb4+ 6. Bd2 Be7 7. Bg2 c6 8. Bc3
d5 9. Nbd2 Nbd7 10. O-O O-O 11. Re1 c5 12. e4 dxc4 13. bxc4 cxd4 14. Nxd4 Ne5
15. Nxe6 fxe6 16. Bxe5 Bc5 17. Rf1 Rc8 18. Qe2 Bb4 19. Rfd1 Qe7 20. Rac1 Ba3
21. Bxf6 Qxf6 22. e5 Qf5 23. Be4 Qf7 24. Rc3 Bc5 25. Rf3 Qc7 26. Kg2 Rxf3 27.
Nxf3 h6 28. Nh4 g5 29. Ng6 Rd8 30. h4 Rxd1 31. Qxd1 gxh4 32. Qg4 Bxc4 33. Qxh4
Bxa2 34. Qxh6 Qg7 35. Qg5 Bf8 36. f4 a5 37. g4 a4 38. Qh4 Qh6 39. Qd8 b5 40.
Ne7+ Kg7 41. f5 Bxe7 42. Qxe7+ Kg8 43. Qe8+ Qf8 44. Qxb5 exf5 45. gxf5 a3 46.
e6 Bxe6 47. fxe6 a2 48. e7 Qxe7 49. Bd5+ Kh8 50. Bxa2 Qb7+ 51. Qxb7 1/2-1/2

[Event "17MCR_PFB"]
[Site "?"]
[Date "2003.??.??"]
[Round "?"]
[White "Valenta, Josef"]
[Black "Vaindl, Jaroslav"]
[Result "1-0"]
[WhiteElo "2185"]
[BlackElo "2325"]
[PlyCount "43"]
[EventDate "2003.??.??"]
[EventType "corr"]
[EventRounds "1"]
[SourceDate "2005.10.25"]

1. d4 Nf6 2. c4 c5 3. d5 e6 4. Nc3 exd5 5. cxd5 d6 6. e4 g6 7. Bd3 Bg7 8. Nge2
O-O 9. O-O b6 10. a4 Na6 11. h3 Nb4 12. Bb1 Ba6 13. Bg5 h6 14. Bf4 Re8 15. f3
Qe7 16. a5 b5 17. Qc1 Kh7 18. Bg3 Nd7 19. Rd1 Bb7 20. Bf2 Red8 21. f4 c4 22.
Nxb5 1-0

[Event "17MCR_PFB"]
[Site "?"]
[Date "2003.??.??"]
[Round "?"]
[White "Chvojka, Jaroslav"]
[Black "Trcka, Vaclav"]
[Result "1-0"]
[WhiteElo "2175"]
[BlackElo "2125"]
[PlyCount "95"]
[EventDate "2003.??.??"]
[EventType "corr"]
[EventRounds "1"]
[SourceDate "2005.10.25"]

1. d4 Nf6 2. Bg5 Ne4 3. Bf4 c5 4. f3 Qa5+ 5. c3 Nf6 6. Nd2 cxd4 7. Nb3 Qb6 8.
Qxd4 Qxd4 9. cxd4 Nc6 10. e4 e6 11. Bd3 Bb4+ 12. Kf2 a5 13. Ne2 a4 14. Nd2 d5
15. e5 Nd7 16. Bb5 Ra5 17. Bd3 O-O 18. Rhd1 f6 19. exf6 e5 20. a3 Bd6 21. b4
axb3 22. Nxb3 exf4 23. Nxa5 Nxa5 24. fxg7 Kxg7 25. Rab1 Nc6 26. Rb3 Nf6 27. Rc1
h5 28. Rcc3 h4 29. Rb6 Rf7 30. a4 Bc7 31. Rb5 Re7 32. a5 Re6 33. Rbc5 Bd7 34.
Bb5 Re7 35. a6 Bb6 36. axb7 Bxc5 37. dxc5 Nb8 38. c6 Bxc6 39. Bxc6 Nxc6 40.
Rxc6 Rxb7 41. Nxf4 Rb1 42. Rd6 Kf7 43. g4 hxg3+ 44. hxg3 Rb2+ 45. Ke3 Rb3+ 46.
Nd3 Ke7 47. Ra6 Ne8 48. g4 1-0

[Event "17MCR_PFB"]
[Site "?"]
[Date "2003.??.??"]
[Round "?"]
[White "Vaindl, Jaroslav"]
[Black "Chvojka, Jaroslav"]
[Result "1-0"]
[WhiteElo "2325"]
[BlackElo "2175"]
[PlyCount "81"]
[EventDate "2003.??.??"]
[EventType "corr"]
[EventRounds "1"]
[SourceDate "2005.10.25"]

1. d4 Nf6 2. c4 e6 3. Nc3 Bb4 4. e3 O-O 5. Bd3 c5 6. Nf3 d5 7. O-O Nc6 8. a3
Bxc3 9. bxc3 dxc4 10. Bxc4 Qc7 11. Ba2 e5 12. h3 e4 13. Nh2 Bf5 14. Ng4 Bxg4
15. hxg4 Rad8 16. g5 Nd5 17. Bd2 Nb6 18. f3 exf3 19. Qxf3 Qe7 20. Rad1 Na5 21.
Qh5 Nbc4 22. Rf4 Qd6 23. Bb1 g6 24. Qh6 Rd7 25. Bc1 f5 26. gxf6 Rxf6 27. Rxf6
Qxf6 28. Rf1 Qd8 29. Qh3 Qe7 30. e4 Rd8 31. Qg3 Re8 32. e5 Rf8 33. Rxf8+ Kxf8
34. Qg4 cxd4 35. cxd4 Kf7 36. Be4 Ke8 37. Qc8+ Qd8 38. Qe6+ Qe7 39. Qg8+ Kd7
40. Qd5+ Kc8 41. Bd3 1-0

[Event "17MCR_PFB"]
[Site "?"]
[Date "2003.??.??"]
[Round "?"]
[White "Lounek, Jan"]
[Black "Valenta, Josef"]
[Result "1-0"]
[WhiteElo "2320"]
[BlackElo "2185"]
[PlyCount "51"]
[EventDate "2003.??.??"]
[EventType "corr"]
[EventRounds "1"]
[SourceDate "2005.10.25"]

1. e4 g6 2. d4 Bg7 3. Nc3 d6 4. Nf3 c6 5. Be2 b5 6. O-O Nf6 7. e5 dxe5 8. Nxe5
b4 9. Na4 Nfd7 10. f4 O-O 11. a3 bxa3 12. b3 Nb6 13. Nc5 Qc7 14. Bxa3 Rd8 15.
Bb4 Bf5 16. g4 Bc8 17. c3 e6 18. Qe1 Re8 19. Ba5 Bb7 20. Qh4 Rf8 21. f5 exf5
22. gxf5 Bxe5 23. dxe5 N8d7 24. Nxd7 Qxd7 25. Qh6 f6 26. Bxb6 1-0

[Event "17MCR_PFB"]
[Site "?"]
[Date "2003.??.??"]
[Round "?"]
[White "Svajdler, Frantisek"]
[Black "Dundalek, Josef"]
[Result "0-1"]
[WhiteElo "2280"]
[BlackElo "2200"]
[PlyCount "36"]
[EventDate "2003.??.??"]
[EventType "corr"]
[EventRounds "1"]
[SourceDate "2005.10.25"]

1. e4 e5 2. Nf3 Nc6 3. Bb5 a6 4. Ba4 Nf6 5. O-O Be7 6. Re1 b5 7. Bb3 O-O 8. c3
d6 9. h3 Na5 10. Bc2 c5 11. d3 Bb7 12. Nbd2 Re8 13. Nf1 Bf8 14. Bg5 h6 15. Bh4
g6 16. Ne3 Bg7 17. Qd2 Nc6 18. Bxf6 Bxf6 0-1

[Event "17MCR_PFB"]
[Site "?"]
[Date "2003.??.??"]
[Round "?"]
[White "Nejtek, Jiri"]
[Black "Pecina, Pavel"]
[Result "1-0"]
[WhiteElo "2265"]
[BlackElo "2210"]
[PlyCount "103"]
[EventDate "2003.??.??"]
[EventType "corr"]
[EventRounds "1"]
[SourceDate "2005.10.25"]

1. e4 c5 2. Nf3 a6 3. c3 d6 4. d4 Nd7 5. Bd3 b5 6. O-O Bb7 7. Qe2 c4 8. Bc2 e5
9. b3 Qc7 10. bxc4 Qxc4 11. Qxc4 bxc4 12. Nbd2 exd4 13. Nxd4 Rc8 14. Rb1 Ba8
15. Re1 Ngf6 16. Ba3 g6 17. Rb4 d5 18. exd5+ Kd8 19. Ra4 Bxa3 20. Rxa3 Bxd5 21.
Rxa6 Re8 22. Rd1 Rb8 23. Nf1 Rb6 24. Ra5 Rb2 25. Ne3 Nb6 26. a4 Kc7 27. Rb5
Rxb5 28. Nxb5+ Kc6 29. Nd4+ Kc5 30. Rb1 Nbd7 31. Rb5+ Kd6 32. a5 Rc8 33. Ba4
Rc5 34. g4 h5 35. g5 Ne4 36. Nxd5 Kxd5 37. a6 Rxb5 38. Bxb5 Nb6 39. Bc6+ Ke5
40. Nb5 Nxg5 41. a7 Ne6 42. Kg2 g5 43. Kf3 f5 44. a8=Q Nxa8 45. Bxa8 Nc5 46.
Bc6 h4 47. Ke3 Na4 48. Kd2 g4 49. Na3 Nb6 50. Bb5 Kf4 51. Nxc4 Nd5 52. Ne3 1-0

[Event "17MCR_PFB"]
[Site "?"]
[Date "2003.??.??"]
[Round "?"]
[White "Bares, Jiri"]
[Black "Jirk, Ales"]
[Result "1/2-1/2"]
[WhiteElo "2255"]
[BlackElo "2210"]
[PlyCount "52"]
[EventDate "2003.??.??"]
[EventType "corr"]
[EventRounds "1"]
[SourceDate "2005.10.25"]

1. d4 Nf6 2. c4 e6 3. Nc3 d5 4. Nf3 Be7 5. Bg5 O-O 6. e3 h6 7. Bh4 b6 8. Bd3
Bb7 9. O-O c5 10. Rc1 Nbd7 11. cxd5 Nxd5 12. Bxe7 Qxe7 13. Nxd5 Bxd5 14. Bc4
Bxc4 15. Rxc4 e5 16. dxe5 Nxe5 17. Nxe5 Qxe5 18. b4 Rfd8 19. Qb3 cxb4 20. Qxb4
Rd5 21. Rfc1 Qe6 22. h3 Rad8 23. Qb1 Rd1+ 24. Rxd1 Rxd1+ 25. Qxd1 Qxc4 26. a3
Qc3 1/2-1/2

[Event "17MCR_PFB"]
[Site "?"]
[Date "2003.??.??"]
[Round "?"]
[White "Jerabek, Zdenek"]
[Black "Novotny, Petr"]
[Result "1/2-1/2"]
[WhiteElo "2255"]
[BlackElo "2220"]
[PlyCount "55"]
[EventDate "2003.??.??"]
[EventType "corr"]
[EventRounds "1"]
[SourceDate "2005.10.25"]

1. e4 e5 2. Nf3 Nc6 3. Bb5 a6 4. Ba4 Nf6 5. O-O Be7 6. Re1 b5 7. Bb3 d6 8. c3
O-O 9. h3 Na5 10. Bc2 c5 11. d4 Qc7 12. Nbd2 Re8 13. b3 Bf8 14. Nf1 g6 15. Bg5
Bg7 16. Qd2 exd4 17. cxd4 Bb7 18. Ng3 Nc6 19. d5 Nb4 20. a3 Nxc2 21. Qxc2 Nd7
22. Rac1 Ne5 23. Nxe5 Bxe5 24. Qd2 Rac8 25. Bf4 Bh8 26. Qd3 Qe7 27. Qd2 Bg7 28.
Re2 1/2-1/2

[Event "17MCR_PFB"]
[Site "?"]
[Date "2003.??.??"]
[Round "?"]
[White "Hladecek, Miloslav"]
[Black "Kubelka, Martin"]
[Result "1-0"]
[WhiteElo "2240"]
[BlackElo "2225"]
[PlyCount "99"]
[EventDate "2003.??.??"]
[EventType "corr"]
[EventRounds "1"]
[SourceDate "2005.10.25"]

1. e4 c5 2. Nf3 d6 3. d4 cxd4 4. Nxd4 Nf6 5. Nc3 a6 6. Be2 e6 7. O-O Be7 8. a3
O-O 9. Qd3 Qc7 10. Qg3 Bd7 11. Be3 Nc6 12. f4 Nxd4 13. Bxd4 b5 14. e5 dxe5 15.
fxe5 Nd5 16. Nxd5 exd5 17. c3 Be6 18. Bd3 Rab8 19. Qe3 Rfc8 20. Bb1 Bc5 21. Qd3
g6 22. Qe3 Bf8 23. Rf2 Bg7 24. Bc2 Re8 25. Raf1 Rbc8 26. h4 Re7 27. h5 Bd7 28.
Qg5 Be6 29. a4 bxa4 30. h6 Bf8 31. Bxa4 Qc4 32. Ra1 Rb8 33. Bd1 Qc8 34. b4 Rc7
35. Qd2 Ra8 36. Ra5 Be7 37. Rf1 Bd8 38. Bf3 Qb7 39. Ra3 Rc6 40. Rfa1 a5 41. Ra4
Qd7 42. bxa5 Bg4 43. Bxg4 Qxg4 44. a6 Bg5 45. Qa2 Qe4 46. Qf2 Qd3 47. a7 Rcc8
48. Rf1 Rf8 49. Rb4 Bxh6 50. Rb8 1-0

[Event "17MCR_PFB"]
[Site "?"]
[Date "2003.??.??"]
[Round "?"]
[White "Soudny, Jiri"]
[Black "Doudera, Lubomir"]
[Result "1-0"]
[WhiteElo "2240"]
[BlackElo "2235"]
[PlyCount "99"]
[EventDate "2003.??.??"]
[EventType "corr"]
[EventRounds "1"]
[SourceDate "2005.10.25"]

1. e4 d5 2. exd5 Qxd5 3. Nc3 Qa5 4. d4 Nf6 5. Nf3 Bg4 6. h3 Bh5 7. g4 Bg6 8.
Ne5 e6 9. Bg2 c6 10. h4 Nbd7 11. Nxd7 Kxd7 12. Bd2 h6 13. g5 hxg5 14. hxg5
Rxh1+ 15. Bxh1 Ne8 16. d5 cxd5 17. Nxd5 Qa4 18. Nc3 Qxc2 19. Nb5 Qxd1+ 20. Rxd1
Bh5 21. Bxb7 Bxd1 22. Bxa8 a6 23. Nd4 Bh5 24. Bc6+ Kd8 25. Ba5+ Nc7 26. Bb7 Kd7
27. Nc6 Nd5 28. Nb8+ Kd6 29. Nxa6 g6 30. Bd2 Bg7 31. b4 Nc3 32. Bf4+ Ke7 33.
Bc6 Bd4 34. Be3 Bxe3 35. fxe3 Kd6 36. Bg2 Bg4 37. Kd2 Na4 38. e4 Ke5 39. Nc5
Nxc5 40. bxc5 Kd4 41. c6 e5 42. c7 Kc5 43. Bf1 Kb6 44. Be2 Be6 45. Bc4 Kxc7 46.
Bxe6 fxe6 47. Kc3 Kb7 48. Kb4 Kc6 49. a4 Kb6 50. a5+ 1-0